Fr. Conceicao Rodrigues College of Engineering

Concepts of Modern Physics (Record no. 24821)

MARC details
000 -LEADER
fixed length control field 00321nam a2200157Ia 4500
082 ## - DEWEY DECIMAL CLASSIFICATION NUMBER
Classification number 539
Item number BEI
100 ## - MAIN ENTRY--PERSONAL NAME
Personal name Beiser/Arthur
250 ## - EDITION STATEMENT
Edition statement 4
245 ## - TITLE STATEMENT
Title Concepts of Modern Physics
260 ## - PUBLICATION, DISTRIBUTION, ETC.
Name of publisher, distributor, etc. McGraw Hill
Place of publication, distribution, etc. New York
Date of publication, distribution, etc. 1987
300 ## - PHYSICAL DESCRIPTION
Extent 616
546 ## - LANGUAGE NOTE
Language note ENGLISH
654 ## - SUBJECT ADDED ENTRY--FACETED TOPICAL TERMS
Focus term Physics
942 ## - ADDED ENTRY ELEMENTS (KOHA)
Koha item type BOOK
Holdings
Withdrawn status Lost status Damaged status Not for loan Collection Home library Current library Shelving location Date acquired Cost, normal purchase price Total Checkouts Full call number Barcode Date last seen Cost, replacement price Price effective from Koha item type
        CRC Fr. Agnel's C.Rodrigues College of Engineering Fr. Agnel's C.Rodrigues College of Engineering   17/03/2023 135.00   539 BEI 2337 17/03/2023 135.00 17/03/2023 BOOK
        CRC Fr. Agnel's C.Rodrigues College of Engineering Fr. Agnel's C.Rodrigues College of Engineering   17/03/2023 135.15   539 BEI 2470 17/03/2023 135.15 17/03/2023 BOOK